Literaturepochen - Statistiken

Allgemein
  • Dieses Quiz wurde 14 mal gespielt
    13 seit der letzten Aktualisierung
  • Das Durchschnittsergebnis liegt bei 11 aus 16
Antwortstatistiken
Hint Antwort % Korrekt
Barock 1600-1720
91%
1600-1720 Barock
91%
1720-1800 Aufklärung
82%
1815-1848 Biedermeier
82%
1740-1790 Empfindsamkeit
82%
1795-1840 Romantik
82%
1765-1785 Sturm und Drang
82%
1786-1832 Weimarer Klassik
82%
1815-1848 Vormärz
73%
Aufklärung 1720-1800
45%
Empfindsamkeit 1740-1790
45%
Sturm und Drang 1765-1785
45%
Weimarer Klassik 1786-1832
45%
Romantik 1795-1840
45%
Biedermeier 1815-1848
45%
Junges Deutschland, Vormärz 1815-1848
45%
Keine übereinstimmenden Quizze gefunden
Verteilung der Resultate
Anzahl Personen mit jedem Resultat
Perzentil nach korrekt beantworteten Fragen
Ihre Resultats-Entwicklung
Sie haben dieses Quiz seit der letzten Aktualisierung nicht gespielt